LAB INVESTIGATIONS IN REUMATIC DISEASES (Record no. 216788)

MARC details
000 -LEADER
fixed length control field 00580nam a22001937a 4500
008 - FIXED-LENGTH DATA ELEMENTS--GENERAL INFORMATION
fixed length control field 260305b |||||||| |||| 00| 0 eng d
020 ## - INTERNATIONAL STANDARD BOOK NUMBER
International Standard Book Number 978-93-5465-590-6
050 ## - LIBRARY OF CONGRESS CALL NUMBER
Classification number RC 933 .S26 2022
Item number 1
100 ## - MAIN ENTRY--PERSONAL NAME
Personal name SANTHANAM, SHAM
245 ## - TITLE STATEMENT
Title LAB INVESTIGATIONS IN REUMATIC DISEASES
250 ## - EDITION STATEMENT
Edition statement FIRST EDITION
260 ## - PUBLICATION, DISTRIBUTION, ETC.
Place of publication, distribution, etc. NEW DELHI /LONDON.
Name of publisher, distributor, etc. JAYPEE BROTHERS MEDICAL PUBLISHERS.
Date of publication, distribution, etc. 2021.
300 ## - PHYSICAL DESCRIPTION
Extent XVI ,150 :ILL
500 ## - GENERAL NOTE
General note INCLUIDES ,INDEX
650 ## - SUBJECT ADDED ENTRY
Topical term or geographic name entry element MANUAL INVESTIGATIONS IN REUMATIC DISEASES
700 ## - ADDED ENTRY--PERSONAL NAME
Personal name RAJESWARI,S
942 ## - ADDED ENTRY ELEMENTS (KOHA)
Source of classification or shelving scheme Library of Congress Classification
Koha item type Long Loan Book
Holdings
Withdrawn status Lost status Source of classification or shelving scheme Damaged status Not for loan Collection Home library Current library Shelving location Date acquired Inventory number Total checkouts Full call number Barcode Date last seen Copy number Price effective from Koha item type
    Library of Congress Classification     Medicine Kisii University Library Kisii University Library On Display 03/05/2026 112127   RC 933 .S26 2021 a000200 03/05/2026 C.1 03/05/2026 Long Loan Book
    Library of Congress Classification     Medicine Kisii University Library Kisii University Library On Display 03/05/2026 112128   RC 933 .S26 2021 a000188 03/05/2026 C.2 03/05/2026 Long Loan Book
    Library of Congress Classification     Medicine Kisii University Library Kisii University Library On Display 03/05/2026 112129   RC 933 .S26 2021 a000187 03/05/2026 C.3 03/05/2026 Long Loan Book
    Library of Congress Classification     Medicine Kisii University Library Kisii University Library On Display 03/05/2026 112130   RC 933 .S26 2021 a000185 03/05/2026 C.4 03/05/2026 Long Loan Book